| 000 | 01022cam a2200325Mi 4500 | ||
|---|---|---|---|
| 001 | 93826 | ||
| 005 | 20230411090052.0 | ||
| 008 | 100224s2009 sp d b 001 0 spa d | ||
| 035 | _a(OCoLC)ocn630610558 | ||
| 040 |
_aESUDE _bspa _cESUDE |
||
| 020 | _a9788497428521 | ||
| 020 | _a8497428528 | ||
| 035 | _a(OCoLC)630610558 | ||
| 049 | _aGRAL | ||
| 245 | 0 | 0 |
_aEspaña Siglo XXI. _n4, _pCiencia y tecnología / _cCarlos Sánchez del Río, Emilio Muñoz y Enrique Alarcón, editores. |
| 260 |
_aMadrid : _bBiblioteca Nueva, _cD.L. 2009. |
||
| 300 |
_a1122 p. : _bil. ; _c25 cm. |
||
| 504 | _aIncluye bibliografía e índice de autores. | ||
| 650 | 0 | 4 |
_aCiencias _zEspaña. |
| 650 | 0 | 4 |
_aCiencias naturales _zEspaña. |
| 650 | 0 | 4 |
_aBiología _zEspaña. |
| 650 | 0 | 4 | _aTecnología. |
| 651 | 4 |
_aEspaña _xTecnología. |
|
| 700 | 1 |
_aSánchez del Río, Carlos, _eed. lit. |
|
| 700 | 1 |
_aMuñoz, Emilio, _eed. lit. |
|
| 700 | 1 |
_aAlarcón, Enrique, _eed. lit. |
|
| 942 |
_2lcc _cbk |
||
| 994 |
_aC0 _bDRFGD |
||
| 946 | _aYM | ||
| 999 |
_c111923 _d111923 |
||